000 00731nam a2200253Ia 4500
003 OSt
005 20220912150459.0
006 a|||||r|||| 00| 0
007 ta
008 220909b |||||||| |||| 00| 0 eng d
024 _a52082
037 _cTextual
040 _aCSL
_beng
_cCSL
041 _aeng
082 _aG:55:(B9)p1,N79, M1
100 _aBillingham John Ed.
111 _aConference on life in the universe (1979 : NASA, ames research center)
245 0 _aProceeding on life in the universe
260 _aCambridge
_bThe MIT Press
_c1981
300 _axix,461p.
_ccm.
650 _aBiology
942 _hG:55:(B9)p1,N79, M1
_cTEXL
_2CC
999 _c48373
_d48373